000 00326nam a22001457a 4500
003 OSt
005 20260508115258.0
008 260508b |||||||| |||| 00| 0 eng d
040 _cAL
082 _a613.7 FONJ
100 _aFonda Jane
_9263613
245 _aJane fondas workout book
650 _2Science
942 _2ddc
_cBED
999 _c241419
_d241419